UMNO Johor memartabatkan bangsa Melayu : Abu Bakar Hamid ... [et al]

Bibliographic Details
Other Authors: Abu Bakar Hamid
Format: Book
Published: Kuala Lumpur : Berita Pub. , 1996
Subjects:

MARC

LEADER 00000cam a2200000 7i4500
001 0000000022
005 20000623.0
020 0 0 |a 9679694534 
090 0 0 |a 320.9595119   |b UMN 1996 
245 0 0 |a UMNO Johor memartabatkan bangsa Melayu :   |b Abu Bakar Hamid ... [et al] 
260 0 0 |a Kuala Lumpur :   |b Berita Pub. ,   |c 1996 
300 |a xxvi, 340 p. :   |b ill. ;   |c 24 cm. 
500 0 0 |a Bibliography[p.328-330] and index 
650 0 0 |a Malaysia   |z Johor 
650 0 0 |a Nationalism   |z Johor 
650 0 0 |a UMNO 
651 0 0 |a Johor   |x Politics and government 
700 0 1 |a Abu Bakar Hamid 
999 |a 0000000997   |b Monograph   |c Open Shelf   |e Default branch